Czy potrafisz policzyć do 15 w 15 sekund? - Statystyki

Ogólne statystyki
  • Ten quiz został rozwiązany 788 razy
  • Średni wynik to 14 z 15
Statystyki odpowiedzi
Liczby % Poprawnych
1 1
100%
2 2
99%
3 3
99%
4 4
99%
5 5
98%
6 6
98%
7 7
97%
8 8
97%
9 9
97%
10 10
95%
11 11
95%
12 12
95%
13 13
94%
14 14
93%
15 15
92%
Nie znaleziono quizów pasujących do podanych kryteriów
Rozkład punktacji
Procent ludzi z każdym wynikiem
Percentyl według liczby udzielonych odpowiedzi
Twoja historia wyników
Nie rozwiązałeś tego quizu